[Event "63rd POL-ch (w)"]
[Site "Warsaw POL"]
[Date "2011.02.17"]
[Round "6"]
[White "Toma, Katarzyna"]
[Black "Majdan-Gajewska, Joanna"]
[Result "0-1"]
[WhiteElo "2238"]
[BlackElo "2359"]
[EventDate "2011.02.12"]
[PlyCount "118"]

1.e4 c5 2.Nf3 e6 3.d4 cxd4 4.Nxd4 a6 5.Bd3 Bc5 6.Nb3 Be7 7.Qe2 Nc6 8.Be3 
Nf6 9.f4 d6 10.N1d2 e5 11.f5 Nb4 12.Nc4 b5 13.Nb6 Rb8 14.Nxc8 Qxc8 15.O-O 
O-O 16.Bg5 Rd8 17.Rad1 Qc6 18.Rf3 d5 19.exd5 Nbxd5 20.Rdf1 Re8 21.Bxf6 
Nxf6 22.Qxe5 Bd6 23.Qd4 Be5 24.Qh4 Bxb2 25.c4 b4 26.Kh1 Ra8 27.Rg3 Be5 28.
Rh3 Rad8 29.c5 a5 30.Nxa5 Qa4 31.Nc4 Rd4 32.Qf2 Rf4 33.Qd2 Rxf1+ 34.Bxf1 
Bc3 35.Qf4 Nd5 36.Qf2 h6 37.Rd3 Nf6 38.Nb6 Qc6 39.Rd6 Qe4 40.h3 Nh5 41.Kg1
Nf4 42.g3 Nh5 43.Bd3 Qe5 44.Rd5 Qf6 45.g4 Qg5 46.Bf1 Nf6 47.Rd1 Ne4 48.Qe2
Nf6 49.Qf3 h5 50.Nd5 Nxd5 51.Rxd5 Re3 52.h4 Qe7 53.f6 Bxf6 54.Qf5 g6 55.
Qc8+ Kg7 56.gxh5 Rg3+ 57.Bg2 Qe1+ 58.Kh2 Qf2 59.h6+ Kh7 0-1

[Event "63rd POL-ch (w)"]
[Site "Warsaw POL"]
[Date "2011.02.17"]
[Round "6"]
[White "Zawadzka, Jolanta"]
[Black "Socko, Monika"]
[Result "1/2-1/2"]
[WhiteElo "2371"]
[BlackElo "2489"]
[EventDate "2011.02.12"]
[PlyCount "67"]

1.e4 e6 2.d4 d5 3.Nc3 Bb4 4.e5 Ne7 5.a3 Bxc3+ 6.bxc3 c5 7.Qg4 Kf8 8.Bd2 
Qc7 9.Bd3 b6 10.Nh3 Ba6 11.Nf4 Bxd3 12.cxd3 Qd7 13.O-O Nbc6 14.Nh5 Nf5 15.
dxc5 Nxe5 16.Qe2 f6 17.cxb6 axb6 18.f4 Nc6 19.Qf2 Kf7 20.Rfb1 Rhb8 21.Ng3 
Nxg3 22.hxg3 b5 23.Be3 Ra4 24.Rb3 d4 25.Bxd4 Nxd4 26.cxd4 Rxd4 27.Rc1 Rb7 
28.Qe3 Qd5 29.Rbc3 Rd7 30.Rc5 Qb3 31.R5c3 Qd5 32.Rc5 Qb3 33.R5c3 Qd5 34.
Rc5 1/2-1/2

[Event "63rd POL-ch (w)"]
[Site "Warsaw POL"]
[Date "2011.02.18"]
[Round "7"]
[White "Dworakowska, Joanna"]
[Black "Szczepkowska-Horowska, Karina"]
[Result "0-1"]
[WhiteElo "2334"]
[BlackElo "2254"]
[EventDate "2011.02.12"]
[PlyCount "86"]

1.e4 e5 2.Nf3 Nc6 3.d4 exd4 4.Nxd4 Nf6 5.Nxc6 bxc6 6.e5 Qe7 7.Qe2 Nd5 8.c4
Ba6 9.b3 O-O-O 10.Bb2 Qg5 11.Nd2 Bb4 12.g3 Nc3 13.f4 Qg6 14.Bxc3 Bxc3 15.
O-O-O Bb4 16.Nb1 Bc5 17.Qd2 d5 18.Qa5 Be3+ 19.Kb2 Bb7 20.c5 Kb8 21.Bd3 Qe6
22.Na3 g5 23.Qb4 Ka8 24.Nc2 gxf4 25.gxf4 d4 26.Nxe3 dxe3 27.Qe4 Qh3 28.
Rde1 e2 29.Kc2 Rd5 30.Rxe2 Rhd8 31.Rd1 Bc8 32.f5 Bxf5 33.Qxf5 Rxc5+ 34.Kb2
Qxf5 35.Bxf5 Rxd1 36.Bxh7 Rdd5 37.Be4 Rxe5 38.b4 Rcd5 39.Kc3 Rd6 40.h4 Kb8
41.a4 Kc8 42.b5 f5 43.Bf3 Rxe2 0-1

[Event "63rd POL-ch (w)"]
[Site "Warsaw POL"]
[Date "2011.02.18"]
[Round "7"]
[White "Majdan-Gajewska, Joanna"]
[Black "Zawadzka, Jolanta"]
[Result "0-1"]
[WhiteElo "2359"]
[BlackElo "2371"]
[EventDate "2011.02.12"]
[PlyCount "90"]

1.e4 e5 2.Nf3 Nc6 3.Bb5 a6 4.Bxc6 dxc6 5.O-O Qd6 6.Na3 Be6 7.Qe2 f6 8.Rd1 
O-O-O 9.d4 Bg4 10.c3 Qe6 11.Nc2 Ne7 12.h3 Bh5 13.dxe5 Rxd1+ 14.Qxd1 fxe5 
15.Ne3 h6 16.g4 Be8 17.Qe2 h5 18.Qc4 Qf6 19.Kg2 Bd7 20.Nf5 hxg4 21.hxg4 
Nxf5 22.exf5 g6 23.Qe4 Bd6 24.Bg5 Qg7 25.f6 Qh7 26.Nh4 c5 27.f3 Bc6 28.Qe3
Qd7 29.Kg3 Qf7 30.b3 c4 31.b4 Rd8 32.Kf2 e4 33.f4 Bf8 34.Qa7 Qd5 35.f7 b6 
36.Bxd8 Bb7 37.Ke1 Qxd8 38.Nxg6 Qd3 39.Nxf8 Qxc3+ 40.Ke2 Qf3+ 41.Kd2 Qxf4+
42.Kc2 Qf2+ 43.Kc3 Qe3+ 44.Kc2 Qd3+ 45.Kb2 Qd2+ 0-1

[Event "63rd POL-ch (w)"]
[Site "Warsaw POL"]
[Date "2011.02.19"]
[Round "8"]
[White "Kulon, Klaudia"]
[Black "Socko, Monika"]
[Result "0-1"]
[WhiteElo "2220"]
[BlackElo "2489"]
[EventDate "2011.02.12"]
[PlyCount "88"]

1.c4 g6 2.Nc3 Bg7 3.g3 Nf6 4.Bg2 d6 5.e3 O-O 6.Nge2 c5 7.O-O Nc6 8.d3 Bd7 
9.h3 a6 10.a3 Rb8 11.Rb1 b5 12.cxb5 axb5 13.b4 cxb4 14.axb4 e6 15.d4 Ne7 
16.e4 Rc8 17.Bf4 Ne8 18.Qd3 Rc4 19.Rfc1 Qb6 20.Be3 Qb8 21.d5 e5 22.Nd1 
Rxc1 23.Rxc1 f5 24.f3 Nf6 25.g4 h6 26.Bf1 Nh7 27.Nec3 h5 28.Nf2 Bf6 29.Ra1
Bh4 30.Nxb5 fxg4 31.Ba7 Bxf2+ 32.Bxf2 Rxf3 33.Qe2 Ng5 34.hxg4 hxg4 35.Ra5 
g3 36.Be3 Bh3 37.Bg2 Qf8 38.Ra2 Bxg2 39.Kxg2 Qh6 40.Bxg5 Rf2+ 41.Qxf2 Qh2+
42.Kf1 gxf2 43.Rxf2 Qh1+ 44.Ke2 Qxe4+ 0-1

[Event "63rd POL-ch (w)"]
[Site "Warsaw POL"]
[Date "2011.02.19"]
[Round "8"]
[White "Lach, Aleksandra"]
[Black "Szczepkowska-Horowska, Karina"]
[Result "0-1"]
[WhiteElo "2172"]
[BlackElo "2254"]
[EventDate "2011.02.12"]
[PlyCount "208"]

1.d4 Nf6 2.Nf3 d6 3.Nc3 g6 4.e4 Bg7 5.h3 O-O 6.Be3 c6 7.a4 Qc7 8.Be2 e5 9.
O-O Nbd7 10.dxe5 dxe5 11.Qd2 a5 12.Rfd1 Nh5 13.Qd6 Qxd6 14.Rxd6 Re8 15.Bc4
Bf8 16.Rd2 h6 17.Rad1 Nhf6 18.b3 Kg7 19.Rd3 Bb4 20.Nd2 Nc5 21.Bxc5 Bxc5 
22.Kf1 Rb8 23.Rf3 Re7 24.Ndb1 Bd7 25.Ke2 Bd4 26.Na2 Be8 27.c3 Bc5 28.b4 
Bb6 29.Nd2 Nh5 30.g3 Bd7 31.bxa5 Bxa5 32.Nb3 Ra8 33.Rxf7+ Rxf7 34.Bxf7 
Bxh3 35.Bc4 Bb6 36.Rd2 Rxa4 37.Bd3 Nf6 38.Rb2 Nd7 39.Nd2 Be6 40.Nc1 Kf6 
41.Bc2 Ra1 42.Nb1 h5 43.Bb3 g5 44.Bxe6 Kxe6 45.Nd3 h4 46.gxh4 gxh4 47.Kf3 
Ra8 48.Kg4 Bd8 49.f4 Bf6 50.Kh3 b5 51.f5+ Kd6 52.Kh2 Rg8 53.Rd2 Kc7 54.Na3
Ra8 55.Nc2 Rg8 56.Ncb4 Rg7 57.Ra2 Kb7 58.Rc2 Rg3 59.Rd2 Bg5 60.Rd1 Re3 61.
Nf2 Nf6 62.Nbd3 Re2 63.Kh1 Nh5 64.Ng4 Ng3+ 65.Kg1 h3 66.Ndf2 Nxe4 67.Nxh3 
Be3+ 68.Nxe3 Rxe3 69.Nf2 Nxc3 70.Rd7+ Kc8 71.Rg7 Rf3 72.Rg6 Kd7 73.f6 Ke6 
74.Ng4 Ne2+ 75.Kg2 Nf4+ 76.Kxf3 Nxg6 77.Ke4 b4 78.Kd3 Kf5 79.Nf2 Kxf6 80.
Kc4 Ke6 81.Nd3 b3 82.Nc5+ Kf5 83.Nxb3 Ne7 84.Nc5 Nd5 85.Kd3 Nf4+ 86.Ke3 
Ne6 87.Nb7 Nc7 88.Nc5 Nd5+ 89.Kf3 Nf6 90.Nb3 e4+ 91.Ke3 Ke5 92.Na5 Kd5 93.
Nb3 c5 94.Nd2 c4 95.Nb1 Ng4+ 96.Kd2 Kd4 97.Nc3 e3+ 98.Kc2 Ne5 99.Ne2+ Ke4 
100.Kc3 Kf3 101.Nd4+ Kf2 102.Nc2 e2 103.Kd2 Ng4 104.Ne1 c3+ 0-1

[Event "63rd POL-ch (w)"]
[Site "Warsaw POL"]
[Date "2011.02.19"]
[Round "8"]
[White "Toma, Katarzyna"]
[Black "Dworakowska, Joanna"]
[Result "1-0"]
[WhiteElo "2238"]
[BlackElo "2334"]
[EventDate "2011.02.12"]
[PlyCount "79"]

1.e4 c5 2.Nf3 d6 3.d4 cxd4 4.Nxd4 Nf6 5.Nc3 Nc6 6.Be2 e6 7.Be3 Be7 8.O-O 
O-O 9.f4 e5 10.Nb3 exf4 11.Rxf4 Nd7 12.Rf1 Nde5 13.Nd5 Bg5 14.Qd2 Bxe3+ 
15.Qxe3 Be6 16.Rad1 Bxd5 17.Rxd5 Qe7 18.c3 Rad8 19.Nd4 Nxd4 20.cxd4 Nd7 
21.Bd3 g6 22.Qf4 Nb6 23.Rb5 Rc8 24.h4 f6 25.h5 g5 26.Qf5 Rc7 27.h6 d5 28.
b3 dxe4 29.Bxe4 Qd6 30.Qf2 Rd7 31.Kh1 Rdd8 32.d5 Rc8 33.Bf5 Rc7 34.Be6+ 
Kh8 35.Qd4 Nd7 36.Rb4 Ne5 37.Rc4 Re7 38.Rxf6 Rxe6 39.Rxe6 Rf1+ 40.Kh2 1-0

[Event "63rd POL-ch (w)"]
[Site "Warsaw POL"]
[Date "2011.02.19"]
[Round "8"]
[White "Worek, Joanna"]
[Black "Majdan-Gajewska, Joanna"]
[Result "1-0"]
[WhiteElo "2274"]
[BlackElo "2359"]
[EventDate "2011.02.12"]
[PlyCount "81"]

1.d4 g6 2.c4 Bg7 3.Nc3 d6 4.e4 c5 5.Nf3 cxd4 6.Nxd4 Nc6 7.Be3 Nf6 8.Be2 
O-O 9.O-O Bd7 10.Nc2 Rc8 11.f3 Be6 12.Qd2 a6 13.Rac1 Nd7 14.Rfd1 Nce5 15.
b3 b5 16.Nd4 bxc4 17.f4 Nd3 18.Bxd3 cxd3 19.f5 gxf5 20.exf5 Bxd4 21.Bxd4 
Bxf5 22.Nd5 Rxc1 23.Rxc1 e5 24.Bf2 Bg6 25.Rc6 Nc5 26.Qh6 Ne4 27.Be3 Re8 
28.Rc4 Re6 29.h3 d2 30.Bxd2 Nxd2 31.Qxd2 Kg7 32.b4 Qd7 33.Kh2 Qb5 34.Ne3 
e4 35.Rd4 Qe5+ 36.Kg1 f5 37.a4 f4 38.Ng4 e3 39.Qc3 f3 40.Nxe5 f2+ 41.Kf1 
1-0

[Event "63rd POL-ch (w)"]
[Site "Warsaw POL"]
[Date "2011.02.19"]
[Round "8"]
[White "Zawadzka, Jolanta"]
[Black "Jaracz, Barbara"]
[Result "1-0"]
[WhiteElo "2371"]
[BlackElo "2274"]
[EventDate "2011.02.12"]
[PlyCount "83"]

1.e4 e5 2.Nf3 Nc6 3.Bb5 a6 4.Ba4 Nf6 5.Qe2 b5 6.Bb3 Be7 7.O-O d6 8.c3 O-O 
9.Rd1 Bg4 10.h3 Bh5 11.d3 Na5 12.Bc2 c5 13.Nbd2 Nc6 14.Nf1 Qc7 15.Ng3 Bg6 
16.Nh4 Rfe8 17.Nhf5 Rad8 18.Qf3 h6 19.a4 d5 20.axb5 axb5 21.Nxe7+ Qxe7 22.
exd5 Rxd5 23.Bb3 e4 24.Nxe4 Bxe4 25.dxe4 Rxd1+ 26.Bxd1 Nxe4 27.Bc2 Qe6 28.
Be3 f5 29.Bxe4 fxe4 30.Qh5 Ne5 31.Bxc5 Nd3 32.Be3 Nxb2 33.Qxb5 Nd3 34.Ra6 
Qf7 35.Qc6 Re7 36.Ra8+ Kh7 37.Qc8 Ne5 38.Qh8+ Kg6 39.Rg8 Kh5 40.Bxh6 Ng6 
41.g4+ Kh4 42.Bf4+ 1-0

[Event "63rd POL-ch (w)"]
[Site "Warsaw POL"]
[Date "2011.02.20"]
[Round "9"]
[White "Dworakowska, Joanna"]
[Black "Zawadzka, Jolanta"]
[Result "0-1"]
[WhiteElo "2334"]
[BlackElo "2371"]
[EventDate "2011.02.12"]
[PlyCount "132"]

1.e4 c5 2.Nf3 d6 3.d4 cxd4 4.Nxd4 Nf6 5.Nc3 a6 6.Be3 e6 7.Be2 Be7 8.O-O 
O-O 9.f4 Qc7 10.a4 Nc6 11.Kh1 Re8 12.Bd3 Nb4 13.Qf3 e5 14.fxe5 dxe5 15.Nf5
Bxf5 16.Qxf5 Rad8 17.Rad1 Rd7 18.Bg5 Red8 19.Rf3 g6 20.Qh3 Nh5 21.Bxe7 
Rxe7 22.Rdf1 Nf4 23.Qh6 Qc5 24.Qg5 Qd6 25.Bc4 Kg7 26.Bb3 f6 27.Qg3 Qb6 28.
Nd1 Nc6 29.R3f2 Nd4 30.Ne3 Nxb3 31.Nf5+ Kf7 32.Nxe7 Nd2 33.Rxd2 Rxd2 34.
Nd5 Nxd5 35.exd5 Rxd5 36.c4 Rd7 37.Qh3 Ke8 38.c5 Qc6 39.Qb3 Kf8 40.Qc3 Kg7
41.Qc2 Rd4 42.b3 Qd5 43.Qe2 Qxc5 44.h3 e4 45.Qe3 Qd6 46.Kg1 Qe5 47.Rc1 Rd3
48.Qb6 Rd7 49.Qe3 f5 50.b4 f4 51.Qe2 Qd4+ 52.Kh2 f3 53.gxf3 exf3 54.Qe1 
Qf4+ 55.Kh1 Rd2 56.Qg1 f2 57.Qg2 Rd3 58.Rf1 Rf3 59.b5 axb5 60.axb5 Qf5 61.
Kh2 Qe5+ 62.Kh1 Rg3 63.Qxb7+ Kh6 64.Qg2 Rxg2 65.Kxg2 Qxb5 66.Rxf2 Qd5+ 0-1

[Event "63rd POL-ch (w)"]
[Site "Warsaw POL"]
[Date "2011.02.20"]
[Round "9"]
[White "Jaracz, Barbara"]
[Black "Worek, Joanna"]
[Result "1/2-1/2"]
[WhiteElo "2274"]
[BlackElo "2274"]
[EventDate "2011.02.12"]
[PlyCount "98"]

1.e4 c5 2.Nf3 d6 3.d4 cxd4 4.Nxd4 Nf6 5.Nc3 a6 6.Be3 e6 7.f3 b5 8.g4 Nbd7 
9.g5 Nh5 10.Qd2 Bb7 11.O-O-O g6 12.Kb1 Rc8 13.Bd3 Nc5 14.Nce2 Bg7 15.Ng3 
Nxg3 16.hxg3 d5 17.Nb3 Na4 18.Bd4 Bxd4 19.Nxd4 Qb6 20.Nb3 Qc7 21.Qf4 Qxf4 
22.gxf4 dxe4 23.fxe4 Ke7 24.Rh2 Rcg8 25.Kc1 Bc6 26.c3 Nb6 27.Nd4 Bb7 28.
Rdh1 Nd7 29.b4 e5 30.Ne2 exf4 31.Nxf4 Ne5 32.Rxh7 Rxh7 33.Rxh7 Nxd3+ 34.
Nxd3 Bxe4 35.Nc5 Bd5 36.Rh2 Bc4 37.a4 bxa4 38.Nxa4 Rb8 39.Rh4 Bd5 40.Rd4 
Bc6 41.Nc5 a5 42.Nb3 axb4 43.Rxb4 Rd8 44.Nd4 Bh1 45.Kd2 Rd5 46.Rb7+ Kd6 
47.Rxf7 Rxg5 48.Ke3 Bd5 49.Ra7 Rg1 1/2-1/2

[Event "63rd POL-ch (w)"]
[Site "Warsaw POL"]
[Date "2011.02.20"]
[Round "9"]
[White "Majdan-Gajewska, Joanna"]
[Black "Kulon, Klaudia"]
[Result "1-0"]
[WhiteElo "2359"]
[BlackElo "2220"]
[EventDate "2011.02.12"]
[PlyCount "83"]

1.e4 e5 2.Nf3 Nc6 3.Bb5 a6 4.Ba4 Nf6 5.O-O b5 6.Bb3 Be7 7.Re1 d6 8.c3 O-O 
9.d4 Bg4 10.Be3 Bh5 11.h3 Bg6 12.Nbd2 exd4 13.Nxd4 Nxd4 14.Bxd4 c5 15.Bxf6
Bxf6 16.Bd5 Rb8 17.f4 h6 18.Qf3 Re8 19.a4 b4 20.Nc4 bxc3 21.bxc3 Qc7 22.
Rad1 Red8 23.a5 Rb5 24.f5 Bh7 25.Nxd6 Rxd6 26.e5 Bxe5 27.Rxe5 Kh8 28.c4 
Rb8 29.Rde1 Bg8 30.Re7 Qxa5 31.Qg3 Qb6 32.R1e6 Rbd8 33.h4 Qb8 34.f6 g6 35.
Qe3 Kh7 36.Rxd6 Qxd6 37.Bxf7 Qd1+ 38.Kh2 Qd6+ 39.Kh3 Bxf7 40.Rxf7+ Kg8 41.
Rg7+ Kf8 42.Qe7+ 1-0

[Event "63rd POL-ch (w)"]
[Site "Warsaw POL"]
[Date "2011.02.20"]
[Round "9"]
[White "Socko, Monika"]
[Black "Lach, Aleksandra"]
[Result "1-0"]
[WhiteElo "2489"]
[BlackElo "2172"]
[EventDate "2011.02.12"]
[PlyCount "73"]

1.d4 c5 2.d5 e5 3.e4 d6 4.Nc3 Be7 5.f4 exf4 6.Bxf4 Bg5 7.Bb5+ Kf8 8.Bg3 
Bh4 9.Qf3 a6 10.Be2 Qg5 11.Bf2 Qf6 12.g3 Qxf3 13.Nxf3 Bf6 14.e5 Bxe5 15.
Nxe5 dxe5 16.Bxc5+ Ke8 17.Ne4 Nh6 18.O-O f6 19.Bh5+ Kd8 20.Be3 Nf5 21.Bb6+
Ke7 22.d6+ Kd7 23.Bc7 Ne3 24.Rf3 Nd5 25.Bxb8 Rxb8 26.Rd1 Kc6 27.Bf7 Bg4 
28.Bxd5+ Kd7 29.Nc5+ Kd8 30.Nxb7+ Kd7 31.Nc5+ Kd8 32.Rd2 Bxf3 33.Bxf3 Rb6 
34.Nb7+ Kd7 35.c4 f5 36.c5 Rb4 37.c6+ 1-0